MARC

LEADER 00000nam0a2200000 4500
001 287658
005 20231102000018.0
020 |a RU  |b 85-43674 
035 |a (RuTPU)RU\TPU\book\312081 
090 |a 287658 
100 |a 20150318d1985 k y0rusy5003 ca 
101 0 |a rus 
102 |a UA 
105 |a a z 001zy 
200 1 |a Основные номограммы доменного процесса  |f Б. П. Довгалюк 
210 |a Киев  |c Технiка  |d 1985 
215 |a 56 с.  |c граф.  |d 26 см 
606 1 |a Доменный процесс  |2 stltpush  |3 (RuTPU)RU\TPU\subj\9977  |9 37124 
610 1 |a номограммы 
610 1 |a комбинированное дутье 
610 1 |a кислород 
610 1 |a природный газ 
610 1 |a содержание 
610 1 |a азот 
610 1 |a водород 
610 1 |a количество 
610 1 |a параметры 
610 1 |a показатели 
610 1 |a применение 
610 1 |a эффективность 
675 |a 669.162.28  |z rus  |v 3 
700 1 |a Довгалюк  |b Б. П.  |g Борис Петрович 
801 0 |a RU  |b RuMRKP  |c 19950704  |g psbo 
801 1 |a RU  |b 63413507  |c 20150318 
801 2 |a RU  |b 63413507  |c 20171120  |g RCR 
942 |c BK